000 01595cam a2200397 a 4500
003 CHAP
005 20220329142057.0
008 990528d1990 mx a r 10100 spa d
010 _a78032
011 _a79004
035 _a89122
040 _cCHAP
082 0 4 _a634.9063
_bT3
111 0 0 _aTaller de Análisis de Experiencias Forestales
_n(2 :
_c1990 :
_dMéxico, D.F.).
_9111425
245 1 0 _aMemoria
_c/coord. por Jasmine Aguilar [y otros]
260 _aMéxico, D.F. :
_bFundación para el Progreso del Hombre,
_c1990.
300 _a124 p. :
_bilus.
590 _aBATCH-UPD
_b10
_c20130110
_lUCH01
_h0731
590 _aBATCH-UPD
_b10
_c20130410
_lUCH01
_h0415
590 _aBATCH-UPD
_b10
_c20130914
_lUCH01
_h0703
590 _aCONVERSION
_b10
_c20130109
_lUCH01
_h1343
650 1 4 _aBosques
_xAdministración.
_914003
650 1 4 _aBosques
_xCongresos.
_914116
700 0 _aMadrid, Sergio
_ecoord.
_969715
700 0 _aMerino, Leticia
_ecoord.
_974995
901 _aBK
905 _aGuadalupe Pinto C.
942 _cLIBRO
949 _a634.9063 T3
_bBC
_cCONG
_d891226
_eCONG
_fc.6
_h95361
_i89122
_sb
949 _a634.9063 T3
_bBC
_cLIBRO
_d33724000725750
_eLIBRO
_fc.2
_h95439
_i89122
_sb
949 _a634.9063 T3
_bBC
_cLIBRO
_d33724000725768
_eLIBRO
_fc.3
_h95440
_i89122
_sb
949 _a634.9063 T3
_bBC
_cLIBRO
_d33724000725776
_eLIBRO
_fc.4
_h95441
_i89122
_sb
949 _a634.9063 T3
_bBC
_cLIBRO
_d33724000725784
_eLIBRO
_fc.5
_h95442
_i89122
_si
949 _a634.9063 T3
_bBC
_cLIBRO
_d33724000725834
_eLIBRO
_h95438
_i89122
_sb
949 _a634.9063 T3
_bBC
_cLIBRO
_d33724002130066
_eLIBRO
_fc.7
_h113222
_i89122
_sb
999 _c78032
_d78032